000
00310nam a2200133Ia 4500
008
191201s2014 xx 000 0 und d
100
_a
PUNMIA, BC
245
0
_a
Surveying Vol-2
250
_a
Rep
260
_a
N. Delhi
_b
Laxmi Publications
_c
2014
300
_a
658+28
650
_a
B.Tech(CE)
942
_2
ddc
_c
BK
999
_c
5826
_d
5826